Karakhandar mamleketinin biilik tuzulushu/ (Record no. 31484)
| 000 -BAŞLIK | |
|---|---|
| Sabit Uzunluktaki Kontrol Alanı | 01325nam a22003737a 4500 |
| 001 - KONTROL NUMARASI | |
| Control Dosyası | 0031572 |
| 003 - KONTROL NUMARASI KİMLİĞİ | |
| Kontrol Alanı | KOHA_MİRAKIL |
| 005 - EN SON İŞLEM TARİHİ ve ZAMANI | |
| Kontrol Alanı | 20260207002805.0 |
| 007 - FİZİKSEL TANIM SABİT ALAN - GENEL BİLGİ | |
| Sabit uzunluklu kontrol alanı | ta |
| 008 - SABİT UZUNLUKTAKİ VERİ ÖGELERİ - GENEL BİLGİ | |
| Sabit Alan | 110822b2004 kg |||gr||||#||||0|kir | |
| 020 ## - ISBN - ULUSLARARASI STANDART KİTAP NUMARASI | |
| Isbn | 9967220430 |
| 040 ## - KATALOGLAMA KAYNAĞI | |
| Özgün Kataloglama Kurumu | TR-BiSEU |
| Kataloglama Dili | tur |
| Çeviri Kurumu | TR-BiSEU |
| Açıklama Kuralları | rda |
| 041 0# - DİL KODU | |
| Metin ya da ses kaydının dil kodu | kir |
| 044 ## - YAYINLAYAN/ÜRETEN KURULUŞUN ÜLKE KODU | |
| ISO country code | kg |
| 050 ## - SINIFLAMA ve YER NUMARASI | |
| Sınıflama Numarası | DK948.83 |
| Yer Numarası | .G36 2004 |
| 100 1# - KİŞİ ADI | |
| Yazar Adı (Kişi adı) | Genç, Reşat.. |
| 245 1# - ESER ADI BİLDİRİMİ | |
| Başlık | Karakhandar mamleketinin biilik tuzulushu/ |
| Sorumluluk Bildirimi | Reşat. Genç ; Reshat Gench ; kotorgondor, Muzaffer Urekli, Ziba Musabaeva. |
| 264 #1 - ÜRERİM, YAYIN, DAĞITIM ve TELİF BİLDİRİMİ | |
| Yayın yeri | Bishkek : |
| Yayınlayan | Kyrgyz-Turk "Manas" universiteti |
| Yayın tarihi | 2004 |
| 300 ## - FİZİKSEL TANIMLAMA | |
| Sayfa, Cilt vb. | 238 s. ; |
| Boyutları | 24 cm. |
| 336 ## - İÇERİK TÜRÜ | |
| Content type term | metin |
| Content type code | txt |
| Source | rdacontent |
| 337 ## - MEDYA TÜRÜ | |
| Media type term | aracısız |
| Media type code | n |
| Source | rdamedia |
| 338 ## - TAŞIYICI TÜRÜ | |
| Carrier type term | cilt |
| Carrier type code | nc |
| Source | rdacarrier |
| 490 1# - DİZİ BİLDİRİMİ | |
| Dizi Bildirimi | Kyrgyz-Turk "Manas" ; |
| Cilt Numarası | universitetinin chygarmalary ; |
| -- | 55. |
| 490 1# - DİZİ BİLDİRİMİ | |
| Dizi Bildirimi | Ilimii kitepterdin tizmeleri ; |
| Cilt Numarası | 7 |
| 500 ## - GENEL NOT | |
| Genel Not | Kaynakça var. |
| 650 #0 - KONU BAŞLIĞI EK GİRİŞ - KONU TERİMİ | |
| Konusal terim veya coğrafi ad | Qarakhanids--Politics and government. |
| 9 (RLIN) | 62265 |
| 650 #0 - KONU BAŞLIĞI EK GİRİŞ - KONU TERİMİ | |
| Konusal terim veya coğrafi ad | Uzbekistan--History. |
| 9 (RLIN) | 62266 |
| 650 #0 - KONU BAŞLIĞI EK GİRİŞ - KONU TERİMİ | |
| Konusal terim veya coğrafi ad | Kazakhstan--History. |
| 9 (RLIN) | 54394 |
| 650 #0 - KONU BAŞLIĞI EK GİRİŞ - KONU TERİMİ | |
| Konusal terim veya coğrafi ad | Asia, Central--Politics and government. |
| 9 (RLIN) | 27505 |
| 650 #0 - KONU BAŞLIĞI EK GİRİŞ - KONU TERİMİ | |
| Konusal terim veya coğrafi ad | Asia, Central--History. |
| 9 (RLIN) | 12202 |
| 830 1# - SERİ EK GİRİŞİ - TEKBİÇİM ESER ADI | |
| Tekbiçim Başlık | Kyrgyz-Turk "Manas" ; |
| Volume number/sequential designation | universitetinin chygarmalary ; |
| -- | 55. |
| 9 (RLIN) | 62267 |
| 830 1# - SERİ EK GİRİŞİ - TEKBİÇİM ESER ADI | |
| Tekbiçim Başlık | Ilimii kitepterdin tizmeleri ; |
| Volume number/sequential designation | 7 |
| 9 (RLIN) | 62268 |
| 942 ## - EK GİRİŞ ÖGELERİ (KOHA) | |
| Source of classification or shelving scheme | Library of Congress Classification |
| Koha item type | Book |
| Materyal Türü | Kalıcı Konum | Mevcut Konum | Raf Yeri | Sınıflandırma Kaynağı | Edinim Bilgisi | Ana Konular | Alt Konular | Yer Numarası | Demirbaş Numarası | Fatura Tarihi | Geri Çekilme Durumu | Kayıp Durumu | Hasarlı Durumu | Kredi için değil | Kayıt Tarih | Toplam Ödünçverme | Son Görülme Tarihi | Son Kontrol Tarihi | Genel / Bağış Notu |
|---|---|---|---|---|---|---|---|---|---|---|---|---|---|---|---|---|---|---|---|
| Book | Prof. Dr. Azmi Özcan Kütüphanesi | Prof. Dr. Azmi Özcan Kütüphanesi | Uluğbey Salonu | Library of Congress Classification | Bağış | DÜNYA TARİHİ (AVRUPA, ASYA, AFRİKA VB.) | Rusya, Sovyetler Birliği, Eski Sovyet Cumhuriyetleri - Polonya | DK948.83 .G36 2004 | 0031572 | 02/02/2026 | 22/08/2011 | 05/12/2024 | 05/12/2024 | YÖK Tez Merkezi |
